OECD Tax Policy Reviews: Costa Rica 2017

Guardado en:
Detalles Bibliográficos
Formato: Libro
Lenguaje:inglés
Publicado: Paris OECD 2017
Colección:OECD Tax Policy Reviews
Materias:
Etiquetas: Agregar Etiqueta
Sin Etiquetas, Sea el primero en etiquetar este registro!

MARC

LEADER 00000nam a2200000 4500
001 0241069
005 20240314123348.8
020 |a 978-92-64-27770-0 
041 0 |a eng 
044 |a FR 
245 1 0 |a OECD Tax Policy Reviews: Costa Rica 2017 
264 1 |a Paris  |b OECD  |c 2017 
300 |a 115 s. 
490 1 |a OECD Tax Policy Reviews 
830 0 |a OECD Tax Policy Reviews 
610 2 0 |a politika daňová 
610 2 0 |a dane 
610 2 0 |a reformy štruktúrne 
610 2 0 |a Kostarika